Cinéma par lettre - M - Statistiques

Statistiques générales
  • Ce quiz a été pris 229 fois
  • Le résultat moyen est 11 sur 20
Statistiques - réponses
Questions Réponses % Correct
Quel film raconte l'histoire d'une famille s'envolant pour Paris mais sans leur jeune fils, étant resté aux Etats-Unis ? Maman j'ai raté l'avion
95%
Quel film d'animation met en scène Gru, entouré de ses Minions ? Moi, Moche et Méchant
90%
Quel film d'animation met en scène un lion, un zèbre, une girafe, un hippopotame, accompagnés de pingouins, fuyant leur zoo de New-York ? Madagascar
89%
Quel film réunit Tommy Lee Jones et Will Smith, jouant deux agents ? Men in Black
88%
Quelle actrice de petite taille joue dans "Joséphine, ange gardien" ? Mimie Mathy
86%
Quelle actrice française a été révélée très jeune dans "La Boum" ? Sophie Marceau
83%
Quel acteur de théâtre français serait "mort sur scène" en 1673 ? Molière
81%
Quelle actrice morte jeune a joué dans "Les Hommes préfèrent les blondes" ? Marylin Monroe
71%
Quel acteur joue dans "Bienvenue chez les ch'tis" ainsi que dans "Les Choristes" ? Kad Merad
68%
Quel acteur interprète le rôle de Thomas Shelby dans "Peaky Blinders" ? Cillian Murphy
63%
Quel film de 2005, met en scène Clint Eastwood, un vieil entraîneur, prenant sous son aile Maggie, une jeune boxeuse ambitieuse ? Million Dollar Baby
53%
Quelle série américaine des années 1960-70 met en scène Samantha, la femme de Jean-Pierre, tout deux tentant de vivre une vie paisible, sans magie ? Ma Sorcière bien aimée
47%
Quel acteur a le plus de fois interprété le rôle de James Bond ? Roger Moore
45%
Quel personnage intriguant est joué à l'écran par Rowan Atkinson ? Mr Bean
41%
Quel James Bond est par ailleurs le dernier en date, sorti au cinéma en 2021? Mourir peut attendre
39%
Quel chanteur et acteur joue aux côtés de Louis de Funès dans "La Folie des grandeurs" ? Yves Montand
35%
Quel personnage était interprété à l'écran par Julie Andrews ? Mary Poppins
32%
Quel film d'horreur met en scène cinq amis du Texas rencontrant un auto-stoppeur au comportement étrange, qu'il décide de virer de leur minibus ? Massacre à la tronçonneuse
21%
Quel acteur joue les rôles principaux dans "Des Souris et des hommes" et "Les Liaisons dangereuses" ? John Malkovich
8%
Quel acteur joue le rôle d'Alexander Hamilton dans la comédie musicale éponyme ? Lin-Manuel Miranda
4%
Aucun quiz correspondant
Distribution des résultats
% des personnes avec chaque résultat
Percentile par nombre de réponses
Votre historique - résultats
Vous n’avez pas pris ce quiz